000 00794nam a2200301Ia 4500
001 Para_6905
003 CHAP
008 220125s1938 xx 000 0 und d
010 _a205703
040 _cCHAP
090 _aPA FOLLETO 817
100 _aMcNair, James B.
_9171782
245 _aPoison Ivy /
_c by James B. McNair
250 _a2
260 _aChicago, Ill. :
_b Field Moseum of Natural History
300 _a11 p.
440 _aBotany leaklet; 12
_9171783
650 _aAnacardiaceas
_9171784
650 _aPlantas venenosas
_989092
650 _aRhus toxicodendron
_997166
901 _aPA FOLLETO 817
902 _aA
905 _a0000001938 a 0000000000 00
910 _a1938
942 _cPARA
942 _cPARA
_d1
999 _c205703
_d205703